000 00683nam a2200193Ia 4500
003 GCL
008 140319s9999 xx 000 0 ara d
040 _aGCL /
_cGCL
082 0 4 _a258.2
_bم م
100 1 _aمحمد فؤاد عبدالباقى
245 1 0 _aالموطا : لامام الائمة وعالم المدينة مالك ابن انس رضى الله عنه /
_cمحمد فؤاد عبدالباقى
700 1 _aمالك بن انس
260 _a[S.N] :
_bدار الشعب للطباعة والنشر
300 _a609 ص
490 _aكتاب الشعب
_v0
650 0 4 _aالفقه الاسلامى
650 0 4 _aالفقه المالكى
942 _2ddc
_cBK
999 _c53447
_d53447